| Tag |
First Indicator |
Second Indicator |
Subfields |
| LEADER |
00000cam a2200000 4500 |
| 001 |
in00000044473 |
| 005 |
20151007072954.0 |
| 008 |
720315s1965 is ac b 00010 eng u |
| 010 |
|
|
|a he 65000701
|
| 035 |
|
|
|a (OCoLC)00263541
|
| 035 |
|
|
|9 AAE8897AM
|
| 040 |
|
|
|c DRB
|d TXA
|d UtOrBLW
|
| 041 |
1 |
|
|a eng
|a rus
|
| 049 |
|
|
|a TXAM
|c [452054]
|
| 050 |
|
0 |
|a TC176
|b .A713
|
| 092 |
|
|
|a 551.303
|b A663t, 1965
|
| 100 |
1 |
|
|a Aravin, V. I.
|
| 245 |
1 |
0 |
|a Theory of fluid fow in undeformable porous media /
|c [by] V.I. Aravin and S.N. Numerov. Translated from Russian [and edited by A. Moscona].
|
| 264 |
|
1 |
|a Jerusalem :
|b Israel Program for Scientific Translations,
|c 1965.
|
| 300 |
|
|
|a xi, 511 pages :
|b illustrations, portraits ;
|c 25 cm.
|
| 336 |
|
|
|a text
|b txt
|2 rdacontent
|
| 337 |
|
|
|a unmediated
|b n
|2 rdamedia
|
| 338 |
|
|
|a volume
|b nc
|2 rdacarrier
|
| 500 |
|
|
|a Label mounted on title page: Published in the U.S.A. by D. Davey, New York.
|
| 500 |
|
|
|a Translation of Teoriia dvizheniia zhidkostei i gazov v nedeformiruemoi poristoi srede.
|
| 504 |
|
|
|a Bibliography: pages 475-504.
|
| 650 |
|
0 |
|a Seepage.
|
| 650 |
|
0 |
|a Porosity.
|
| 700 |
1 |
|
|a Numerov, S. N.
|
| 700 |
1 |
|
|a Moscona, Aaron.
|
| 999 |
|
|
|a MARS
|
| 999 |
f |
f |
|s 51f267e0-42a1-34d0-b1a9-a4d869c0362a
|i ddd7a25d-b7c3-3416-a415-23a958d45151
|t 0
|
| 952 |
f |
f |
|p ric
|a Texas A&M University
|b Rellis Campus
|c Joint Library Facility
|d Remote Storage
|t 0
|e TC176 .A713
|h Library of Congress classification
|i unmediated -- volume
|m A14800951282
|
| 998 |
f |
f |
|a TC176 .A713
|t 0
|l Remote Storage
|